Stredoveké rotundy na Slovensku 9.-13. storočie

Bibliographic Details
Main Author: Vančo, Martin, 1970- (Author)
Other Authors: Gerboc, Martin, 1971- (Illustrator), Anoškinová, Viera (Photographer)
Format: Book
Language:Slovak
PhysicalDescription:194 s. fotogr., ilustr. 24 cm
Published: Bratislava Chronos 2000
ISBN:8089027008
Edition:1. vyd.
Series:Mvsaevm hominis
Subjects:

MARC

LEADER 00000nam a2200000 a 4500
001 vtls001521952
003 SK-MaSNL
005 20260302073924.0
008 240314s2000 xo oab f a 000 0 slo
015 |a SNBA2005/06-02044 
020 |a 8089027008  |q (brož.) 
040 |a SNK  |b slo  |c SNK  |e AACR2 
041 0 |a slo  |b eng 
043 |a exo---  |a e-xr---  |a e-xr-mr 
072 7 |a 72  |x Architektúra  |2 konspekt 
080 |a (437.6)  |2 MDT-MRF 
080 |a (437.32)  |2 MDT-MRF 
080 |a 72.033  |2 MDT-MRF 
080 |a 726  |2 MDT-MRF 
080 |a (048.8)  |2 MDT-MRF 
080 |a 726.54  |2 MDT-MRF 
100 1 |a Vančo, Martin,  |d 1970-  |4 aut  |9 220021 
245 1 0 |a Stredoveké rotundy na Slovensku  |b 9.-13. storočie  |c Martin Vančo; [ilustrácie: Martin Gerboc; fotografie: Viera Anoškinová ... [et al.]] 
246 3 1 |a Medieval rotundas in Slovakia 
250 |a 1. vyd. 
260 |a Bratislava  |b Chronos  |c 2000 
300 |a 194 s.  |b fotogr., ilustr.  |c 24 cm 
490 1 |a Mvsaevm hominis  |v zv. 2 
500 |a Fotogr. na predsádkach 
504 |a Bibliogr. s. 153-174 
546 |a Res. angl. 
650 0 7 |a rotundy  |z Slovensko  |z 9.-13. stor.  |2 SNKPH  |9 738931 
650 0 7 |a stredoveká architektúra  |2 SNKPH  |9 2870 
650 0 7 |a sakrálne stavby  |2 SNKPH  |9 3019 
650 0 7 |a rotundy  |z Veľká Morava  |z 9.-13. stor.  |2 SNKPH  |9 738932 
655 7 |a štúdie  |2 SNKPH  |9 57033 
700 1 |a Gerboc, Martin,  |d 1971-  |4 ill  |9 121660 
700 1 |a Anoškinová, Viera  |4 pht  |9 368371 
830 0 |a Mvsaevm hominis  |9 305544 
919 |a 80-89027-00-8 
958 |a OND 
968 |d 71/72 
999 |c 1162886  |d 1164816 
952 |a SNK  |b SNK  |y PREZ  |7 0  |p 17A0461913  |o snkSC 119465  |i snk2005/5054  |8 0  |0 0  |1 0  |4 0  |d 2005-04-01  |l 0  |r 2025-05-28 00:00:00  |w 2026-02-24 
952 |a SNK  |b SNK  |y VYP  |7 0  |p 17A0461912  |o snkSC 119465 D1  |i snk2005/5055  |8 0  |0 0  |1 0  |4 0  |d 2005-04-01  |l 0  |r 2026-02-24 20:39:06  |w 2026-02-24